[Event "Stay Safe Play From Home 206"]
[Site "T#646635Emanuel Laske"]
[Date "2020.06.07"]
[Round "7"]
[White "Mepe_Nika"]
[Black "NeatFox"]
[Result "1-0"]
[WhiteElo "2326"]
[BlackElo "1792"]
[Annotator "TA"]
[PlyCount "81"]
[EventDate "2020.06.07"]
[EventType "swiss (blitz)"]

{[%evp 9,80,40,64,32,29,21,37,25,86,39,190,200,197,198,194,192,327,331,321,306,410,376,370,375,350,351,420,416,396,334,347,342,364,340,1272,940,29979,29975,29982,29983,29983,29984,29984,29985,29985,29986,29987,29984,29984,29985,29985,29986,29986,29987,29987,29988,29989,29990,29992,29993,29993,29994,29994,29993,29993,29994,29994,29995,29995,29996,29996,29997,29999]} 1. d4 c6 2. Bf4 d5 3. e3 g6 4. c4 Bg7 5. Nc3 dxc4 {[#]} 6. h4 $146 {D00: 1 d4 d5: Unusual lines.} (6. Bxc4 $5 {[%cal Rd1b3]} Nf6 7. Nf3 $16) ({Predecessor:} 6. Bxc4 Nf6 7. Nf3 O-O 8. h3 Nbd7 9. O-O Nb6 10. Bb3 Nbd5 11. Bh2 Nxc3 12. bxc3 Qa5 13. Rc1 Ne4 14. Ne5 Nf6 15. Qf3 Bf5 16. Rfe1 {1-0 (30) Sergeev,V (2526)-Nemergut,P (1899) Martin 2011}) 6... Nf6 7. Bxc4 O-O 8. Nf3 {White is slightly better.} h5 (8... Bf5 $11 {keeps the balance.}) 9. Ne5 {And now Nxg6 would win.} Nbd7 $2 {This move loses the game for Black.} ({Black should try} 9... Nd5 $14) 10. Nxg6 $1 $18 Re8 11. Ne5 Nxe5 12. Bxe5 ({But not} 12. dxe5 $6 Qxd1+ 13. Rxd1 Ng4 $16) 12... Be6 (12... b5 {was necessary.}) 13. Bxe6 fxe6 14. Rh3 Kf7 15. Rg3 Rg8 16. Bxf6 exf6 17. Qxh5+ Ke7 18. Qh7 Qf8 19. Ne4 f5 20. Nc5 {[#] Threatens to win with Rg6.} b6 21. Nd3 Kf7 $2 (21... Qf7 22. Rc1 c5) 22. Ne5+ Ke7 23. Ng6+ {[%mdl 64] [#] Double Attack. White mates.} Kd6 24. Nxf8 Raxf8 25. Rxg7 Rxg7 26. Qxg7 {[%mdl 64] Double Attack} Re8 27. Qxa7 Re7 28. Qxe7+ Kxe7 {[%mdl 4096] Endgame KR-KP} 29. a4 Kf6 30. a5 bxa5 31. Rxa5 {KR-K3P} Kg6 32. Rc5 Kh5 33. Rxc6 Kxh4 34. Rxe6 f4 35. exf4 {KR-K} Kg4 36. Re3 Kf5 37. d5 Kg4 38. d6 Kf5 39. d7 Kg6 40. d8=Q Kh5 41. Qg5# {Accuracy: White = 75%, Black = 34%.} 1-0

[Event "Stay Safe Play From Home 206"]
[Site "T#646635Emanuel Laske"]
[Date "2020.06.07"]
[Round "7"]
[White "Lazieri3"]
[Black "Little champs"]
[Result "0-1"]
[WhiteElo "2044"]
[BlackElo "2234"]
[Annotator "TA"]
[PlyCount "38"]
[EventDate "2020.06.07"]
[EventType "swiss (blitz)"]

{[%evp 10,37,37,31,52,16,20,22,31,20,79,74,132,120,268,148,334,229,495,516,491,429,816,514,474,-115,306,-152,181,-29999]} 1. e4 c6 2. Nc3 d5 3. d4 dxe4 4. Nxe4 Nf6 5. Nxf6+ exf6 6. Nf3 Be7 {B15: Caro-Kann: 3 Nc3: 3...g6 and 3...dxe4 4 Nxe4 Nf6 5 Nxf6+ exf6.} 7. Bf4 O-O 8. Bd3 Bg4 {The position is equal.} 9. h3 {[#]} Bxf3 $146 (9... Bh5 $11) ({Predecessor:} 9... Be6 10. O-O Bd6 11. Qd2 Qc7 12. Bxd6 Qxd6 13. c4 b6 14. Rac1 Qd7 15. Qf4 Qd8 {1-0 (33) Rabiya,K (1797)-Lehmann,W (1599) Wiesbaden 2019}) 10. Qxf3 $16 Qxd4 (10... Bd6 $142) 11. O-O-O $1 {Bxh7+! is the strong threat.} Qa4 (11... f5 $16) 12. a3 $40 {[%mdl 128] White is out for blood.} (12. Rhe1 $18 Bc5 13. Bxb8) 12... Bc5 $2 (12... f5 $16 {was worth a try.}) 13. Rhe1 {Hoping for Re4.} Na6 $2 (13... Nd7 14. Re4 Qa5) 14. Re4 $18 Qa5 15. Bd2 Qb6 (15... Bb4 $142 16. Bxb4 Nxb4 17. Rxb4 Rab8) 16. Rh4 g6 17. Rh6 $2 ({Only move:} 17. Qf4 $18 {Intending Qh6 and mate.} Bxf2 18. g3) 17... Rfe8 $2 {[%mdl 8192] [#]} (17... Rad8 $1 $17 18. Bc3 f5) 18. Qg4 $2 {[#]} (18. Bc4 $1 $18 Bd4 19. c3) 18... Bd4 $2 (18... Bf8 $1 $17 {[%cal Rf8h6] stays on course.} 19. Rh4 f5) 19. Qh4 $4 {[%mdl 8192]} (19. c3 $18 Nc5 20. Bc4) 19... Qxb2# {Accuracy: White = 20%, Black = 20%.} 0-1

[Event "Stay Safe Play From Home 206"]
[Site "T#646635Emanuel Laske"]
[Date "2020.06.07"]
[Round "7"]
[White "Tumnik_ad"]
[Black "Rogan"]
[Result "1/2-1/2"]
[WhiteElo "1988"]
[BlackElo "2190"]
[Annotator "TA"]
[PlyCount "136"]
[EventDate "2020.06.07"]
[EventType "swiss (blitz)"]

{[%evp 9,136,-43,-43,-43,-36,-82,-77,-102,-41,-41,-42,-70,15,14,29,0,0,-10,35,-57,-61,-63,-35,-45,-37,-116,-31,-141,-129,-260,-17,0,487,487,532,491,498,491,491,491,605,540,564,557,756,772,754,753,872,850,1099,624,600,593,529,272,324,277,539,526,666,622,596,546,12838,12839,12840,12840,12841,12840,12840,12840,12842,12841,12841,0,12842,12843,12844,12845,12845,12846,12846,0,12842,12842,12843,12843,12843,0,12846,12847,12847,12847,12848,0,12847,0,12847,0,12848,12847,12847,12847,12849,12849,12850,12849,29992,29993,29993,12850,29990,29989,29989,12850,29990,27999,12851,27999,12851,27999,12851,27999,12851,27998,27999,0,0]} 1. c3 c6 2. d3 d5 3. Nd2 Nf6 {[#]} 4. h3 $146 ({Predecessor:} 4. e4 e5 5. Ngf3 Bd6 6. Be2 O-O 7. h3 Re8 8. Qc2 a5 9. Nf1 Nbd7 10. g4 dxe4 11. dxe4 {0-1 (63) Noble,M (2241)-Moskow,E (2127) Auckland 2016}) 4... Bf5 5. g4 Bg6 6. Bg2 {A00: Irregular Openings.} e6 7. Nf1 Bd6 8. Ng3 {Black is better.} Bxg3 (8... h5 $17 9. g5 h4) 9. fxg3 $15 Qc7 10. Bf4 Qb6 (10... e5 $15 11. Be3 O-O) 11. Qb3 $11 Nbd7 12. g5 Nh5 13. Qxb6 axb6 14. Bf3 (14. Bd6 $14 e5 15. Kf2) 14... Nxf4 $15 15. gxf4 Nc5 16. h4 h5 17. Nh3 {[#]} (17. a3 $15) 17... Bf5 (17... Nb3 $1 $17 {[%cal Rb3a1][%mdl 512]} 18. Rb1 (18. axb3 Rxa1+) 18... Rxa2) 18. Kd2 (18. a3 $15) 18... Bxh3 $1 $17 19. Rxh3 {[#]} (19. b4 $17 {was necessary.}) 19... g6 $2 (19... Nb3+ $1 $19 {[%mdl 512]} 20. axb3 Rxa1) 20. Rhh1 Nb3+ $2 {[%mdl 8192]} (20... b5 $11 {and Black stays safe.}) 21. axb3 $18 Rb8 22. Ra7 Kd7 23. Rha1 Kc7 24. b4 Rhg8 25. b5 cxb5 26. c4 Kd6 27. cxd5 exd5 28. Rc1 Rgf8 29. e4 f6 30. exd5 fxg5 31. hxg5 Rxf4 32. Be2 Rf2 33. Rf1 Rxf1 $2 (33... Rg2 {might work better.} 34. Rf4 Ke5) 34. Bxf1 Kxd5 {[%mdl 4096] Endgame KRB-KR} 35. Bg2+ Ke5 36. Rxb7 Rxb7 37. Bxb7 {KB-KP} Kf4 38. d4 Kxg5 39. d5 Kf5 40. Ke3 g5 41. Kf3 Ke5 42. Ke3 $2 (42. Bc6 $18 {Hoping for Be8.} h4 43. Kg4 (43. Bxb5 Kxd5 44. Kg4 Kc5 $16)) 42... b4 $2 {[%mdl 8192] [#]} (42... Kf5 $11 43. Kd4 g4 44. Bc8+ Kf6) 43. b3 $1 g4 44. Kf2 h4 45. Kg2 Kd6 46. Kf2 $2 (46. Bc8 $18 Kxd5 47. Bxg4) 46... Kc7 $2 {[%mdl 8192]} (46... Ke5 $11 47. Kg2 b5) 47. Bc6 Kd6 48. Kg2 Ke5 49. Kf2 $2 ({White should try} 49. Bd7 $18 g3 50. Be6) 49... h3 $2 {[%mdl 8192]} (49... Kd6 $11 50. Kg2 b5) 50. Kg3 Kd6 51. Kh2 Kc5 52. Kg3 Kd6 53. Kh2 $2 (53. Be8 $18 h2 54. Kxh2) 53... Ke5 $2 {[%mdl 8192]} (53... Kc5 $11 54. Bb7 Kd6) 54. Kg3 $2 (54. Bd7 $18 Kxd5 55. Bxg4) 54... b5 $2 {[%mdl 8192]} (54... Kd6 $11 55. Bb7 Ke7 56. Kxg4 h2) 55. Kh2 Kf4 56. d6 {White wants to mate with d7.} g3+ 57. Kxh3 {KB-K3P} Ke5 58. d7 Kd4 59. d8=Q+ Kc3 60. Qd7 (60. Qd1 $142 g2 61. Kxg2 Kb2 62. Be4 Ka2 63. Qc1 Kxb3 64. Bd5+ Ka4 65. Qa1#) 60... Kxb3 61. Qd5+ Ka3 {[#]} 62. Qc5 $1 Ka4 63. Qxb5+ (63. Kg2 $142 Kb3 64. Bd5+ Kb2 65. Qxb4+ Kc2 66. Be4+ Kd1 67. Qc3 Ke2 68. Bf3#) 63... Ka3 {[#]} 64. Qc5 $1 {Qc1+ would kill now.} Kb2 65. Qd5 Ka3 66. Qg2 {Intending Qd2 and mate.} b3 67. Qxg3 $2 (67. Kxg3 $18 {White threatens Qd2 and mate.} b2 68. Be4 Kb4 69. Qd2+ Kc5 70. Qd5+ Kb6 71. Qc6+ Ka5 72. Bb1) 67... Ka2 $11 {[#]} 68. Qxb3+ $2 ({White should play} 68. Bd5 $1 Kb2 69. Qxb3+ Kc1 70. Qc3+ Kb1 71. Qd2 Ka1 72. Qc1#) 68... Kxb3 {Accuracy: White = 60%, Black = 45%.} 1/2-1/2

[Event "Stay Safe Play From Home 206"]
[Site "T#646635Emanuel Laske"]
[Date "2020.06.07"]
[Round "7"]
[White "Sfantul321"]
[Black "Fischer_11"]
[Result "1-0"]
[WhiteElo "1972"]
[BlackElo "2077"]
[Annotator "NA RC"]
[PlyCount "97"]
[EventDate "2020.06.07"]
[EventType "swiss (blitz)"]

1. c4 {[%emt 0:00:01]} Nf6 {[%emt 0:00:06]} 2. Nc3 {[%emt 0:00:00]} g6 {[%emt 0:00:00]} 3. e4 {[%emt 0:00:01]} Bg7 {[%emt 0:00:00]} 4. d4 {[%emt 0:00:01]} d6 {[%emt 0:00:01]} 5. f4 {[%emt 0:00:01]} O-O {[%emt 0:00:00]} 6. Nf3 {[%emt 0:00:01]} e5 {[%emt 0:00:00]} 7. fxe5 {[%emt 0:00:01]} dxe5 {[%emt 0:00:00]} 8. d5 {[%emt 0:00:00]} c6 {[%emt 0:00:01]} 9. Bd3 {[%emt 0:00:00]} cxd5 {[%emt 0:00:00]} 10. cxd5 {[%emt 0:00:01]} Bg4 {[%emt 0:00:01]} 11. Be3 {[%emt 0:00:01]} Nbd7 {[%emt 0:00:01]} 12. O-O {[%emt 0:00:01]} b6 {[%emt 0:00:01]} 13. h3 {[%emt 0:00:01]} Bxf3 {[%emt 0:00:02]} 14. Qxf3 {[%emt 0:00:01]} Rc8 {[%emt 0:00:00]} 15. Rac1 {[%emt 0:00:01]} Nc5 {[%emt 0:00:00]} 16. Bb1 {[%emt 0:00:02]} Nfd7 {[%emt 0:00:06]} 17. b4 {[%emt 0:00:02]} Nb7 {[%emt 0:00:03]} 18. a3 {[%emt 0:00:00]} Nd6 {[%emt 0:00:01]} 19. Bf2 {[%emt 0:00:03]} f5 {[%emt 0:00:01]} 20. exf5 {[%emt 0:00:01]} Nxf5 {[%emt 0:00:03]} 21. Qd3 {[%emt 0:00:03]} Nf6 {[%emt 0:00:03]} 22. Rfd1 {[%emt 0:00:02]} e4 {[%emt 0:00:01]} 23. Nxe4 {[%emt 0:00:02]} Rxc1 {[%emt 0:00:02]} 24. Nxf6+ {[%emt 0:00:02]} Qxf6 {[%emt 0:00:01]} 25. Rxc1 {[%emt 0:00:00]} Nd6 {[%emt 0:00:03]} 26. Rf1 {[%emt 0:00:02]} Qc3 {[%emt 0:00:02]} 27. Qxc3 {[%emt 0:00:03]} Bxc3 {[%emt 0:00:00]} 28. Ba2 {[%emt 0:00:02]} Kg7 {[%emt 0:00:02]} 29. Bg3 {[%emt 0:00:01]} Rxf1+ {[%emt 0:00:01]} 30. Kxf1 {[%emt 0:00:01]} Nf5 {[%emt 0:00:00]} 31. Bb8 {[%emt 0:00:02]} Kf6 {[%emt 0:00:02]} 32. Bxa7 {[%emt 0:00:02]} Ke5 {[%emt 0:00:01]} 33. Bxb6 {[%emt 0:00:01]} Nd6 {[%emt 0:00:02]} 34. Bc7 {[%emt 0:00:01]} Bd4 {[%emt 0:00:02]} 35. b5 {[%emt 0:00:01]} Bc5 {[%emt 0:00:04]} 36. b6 {[%emt 0:00:01]} Kd4 {[%emt 0:00:02]} 37. a4 {[%emt 0:00:03]} Nb7 {[%emt 0:00:00]} 38. d6 {[%emt 0:00:02]} Bxd6 {[%emt 0:00:01]} 39. Bxd6 {[%emt 0:00:02]} Nxd6 {[%emt 0:00:00]} 40. a5 {[%emt 0:00:00]} Kc5 {[%emt 0:00:01]} 41. Bg8 {[%emt 0:00:02]} h6 {[%emt 0:00:01]} 42. Bh7 {[%emt 0:00:01]} g5 {[%emt 0:00:00]} 43. Be4 {[%emt 0:00:01]} Kb5 {[%emt 0:00:00]} 44. b7 {[%emt 0:00:01]} Nxb7 {[%emt 0:00:01]} 45. Bxb7 {[%emt 0:00:01]} Kxa5 {[%emt 0:00:00]} 46. Kf2 {[%emt 0:00:01]} Kb6 {[%emt 0:00:00]} 47. Kf3 {[%emt 0:00:00]} Kc7 {[%emt 0:00:00]} 48. Kg4 {[%emt 0:00:00]} Kxb7 {[%emt 0:00:00]} 49. Kh5 {[%emt 0:00:00] Zeit (Lag: Av=0.23s, max=0.6s)} 1-0

[Event "Stay Safe Play From Home 206"]
[Site "T#646635Emanuel Laske"]
[Date "2020.06.07"]
[Round "7"]
[White "EL sanbary"]
[Black "SecantFX"]
[Result "1/2-1/2"]
[WhiteElo "1903"]
[BlackElo "1827"]
[Annotator "TA"]
[PlyCount "126"]
[EventDate "2020.06.07"]
[EventType "swiss (blitz)"]

{[%evp 9,126,33,33,20,29,27,17,16,26,13,80,-37,-37,-37,-37,-50,-35,-57,-53,-129,-41,-133,15,-133,39,24,128,28,84,81,151,108,102,0,12,0,96,11,287,276,260,253,552,547,831,821,1054,1022,1015,1002,1541,1475,29993,29986,29996,1092,1053,1052,1009,966,1030,1023,1020,991,1155,993,29980,29982,29980,29982,29982,29983,29985,29986,29986,29987,29988,29989,29989,29987,29989,29989,29989,29989,29989,29990,29990,29991,29992,29986,29986,29986,29986,29987,29987,29988,29988,29989,29989,29985,29985,29986,29987,29987,29988,29989,29989,29989,29989,29990,29990,29991,29991,29991,29991,29992,29992,0,0]} 1. c4 b6 2. e4 Bb7 3. Nc3 g6 4. d3 Bg7 5. Nge2 e6 6. g3 {A10: English Opening: Unusual Replies for Black.} Ne7 7. Bg2 O-O 8. O-O c6 {[#]} 9. Be3 $146 ({Predecessor:} 9. d4 d5 10. cxd5 exd5 11. exd5 Nxd5 12. Nxd5 cxd5 13. Nc3 Qd7 14. Be3 Na6 15. Qb3 {1-0 (39) Mueller,T (1857)-Kuhn,J (1650) Verden 2008}) 9... f5 (9... d5 $11 {keeps the balance.} 10. exd5 exd5) 10. exf5 (10. Qd2 $16) 10... Nxf5 $15 11. Qd2 d5 {Strongly threatening ...d4.} 12. cxd5 cxd5 13. d4 Nc6 14. Nf4 (14. g4 $15 Nxe3 15. fxe3) 14... Re8 (14... Ncxd4 $17 {aiming for ...Qf6.} 15. Bxd4 Nxd4) 15. Rae1 (15. Nce2 $15) 15... Bc8 ({Much weaker is} 15... Bxd4 $6 16. Bxd4 Nfxd4 17. Re3 $11) (15... Nfxd4 $17 {White must now prevent ...Rc8.} 16. Bxd4 Nxd4) 16. Bh3 (16. Nfxd5 $11 Ba6 17. Nf6+ Bxf6 18. Bxc6) 16... Na5 $2 ({Black should try} 16... e5 $17 17. Bg2 exf4 18. Bxd5+ Re6 19. Bxf4 Nfxd4) 17. Bxf5 $14 gxf5 (17... exf5 $11 18. Nfxd5 Ba6) 18. b3 ({White should play} 18. Nh5 $1 $16) 18... Nc6 {[#]} (18... Ba6 $11) 19. Nh5 $1 $16 {Threatens to win with Bg5.} Qe7 (19... Bh8 $142) 20. Nxg7 Qxg7 {[#]} 21. Bh6 (21. Nb5 $1 $16) 21... Qg6 $1 $11 ({Don't blunder} 21... Nxd4 $2 22. f3 $18) 22. Ne2 Ne7 (22... Ba6 $11) 23. h4 (23. Be3 $16) 23... Kf7 $2 {[%mdl 8192]} (23... Ba6 $11 {and Black is okay.}) 24. Bg5 $18 h6 25. Bxh6 Rh8 $2 (25... Nc6 {is a better defense.} 26. Rc1 Bb7) 26. Bg5 Rh5 27. Nf4 {[%mdl 64] Double Attack} Qh7 28. Qe2 Rxg5 29. hxg5 Qg8 30. Nxe6 Kg6 31. Qe5 Bxe6 32. Qxe6+ (32. Qf6+ $142 Kh5 33. Qh6+ Kg4 34. Qh4+ Kf3 35. Qh5#) 32... Qxe6 33. Rxe6+ {[%mdl 4096] Endgame KRR-KRN} Kf7 34. Rfe1 Ng8 35. f4 Rd8 36. Kf2 Rd7 37. Kf3 Ne7 38. Rxe7+ Rxe7 39. Rxe7+ Kxe7 {KP-KP} 40. g4 fxg4+ 41. Kxg4 Kf7 42. f5 b5 43. f6 Kg6 44. Kf4 a5 45. Ke5 a4 46. Kxd5 axb3 47. axb3 b4 48. Kc4 Kxg5 49. Kxb4 Kxf6 50. Kc4 Ke6 51. d5+ Kd7 52. b4 Kc7 53. b5 Kd6 54. Kb4 Kxd5 {KP-K} 55. Ka5 Kc5 56. Ka6 Kb4 57. b6 Kc5 58. Ka7 Kd6 59. b7 Kd5 60. b8=Q Ke4 61. Qb5 Kf4 62. Qc4+ Ke3 63. Qd4+ $2 (63. Qg4 {mates} Kd3 64. Kb6 Kd2 65. Kc5 Kd3 66. Qf3+ Kc2 67. Kc4 Kc1 68. Kc3 Kb1 69. Qb7+ Kc1 70. Qh1#) 63... Kxd4 {Accuracy: White = 70%, Black = 47%.} 1/2-1/2

[Event "Stay Safe Play From Home 206"]
[Site "T#646635Emanuel Laske"]
[Date "2020.06.07"]
[Round "7"]
[White "Trotsky"]
[Black "Cubail"]
[Result "1-0"]
[WhiteElo "1596"]
[BlackElo "1336"]
[Annotator "NA RC"]
[PlyCount "53"]
[EventDate "2020.06.07"]
[EventType "swiss (blitz)"]

1. d4 {[%emt 0:00:01]} f5 {[%emt 0:00:01]} 2. e3 {[%emt 0:00:00]} Nf6 {[%emt 0:00:01]} 3. c4 {[%emt 0:00:01]} e6 {[%emt 0:00:01]} 4. Nc3 {[%emt 0:00:01]} c6 {[%emt 0:00:01]} 5. Bd3 {[%emt 0:00:01]} d5 {[%emt 0:00:01]} 6. Qc2 {[%emt 0:00:00]} Bb4 {[%emt 0:00:01]} 7. Nf3 {[%emt 0:00:01]} Ne4 {[%emt 0:00:01]} 8. Bd2 {[%emt 0:00:01]} Nxd2 {[%emt 0:00:02]} 9. Nxd2 {[%emt 0:00:03]} Nd7 {[%emt 0:00:01]} 10. a3 {[%emt 0:00:01]} Ba5 {[%emt 0:00:02]} 11. b4 {[%emt 0:00:02]} Bc7 {[%emt 0:00:01]} 12. Nf3 {[%emt 0:00:01]} Nf6 {[%emt 0:00:02]} 13. h4 {[%emt 0:00:01]} O-O {[%emt 0:00:02]} 14. O-O-O {[%emt 0:00:02]} Ne4 {[%emt 0:00:02]} 15. Nxe4 {[%emt 0:00:01]} fxe4 {[%emt 0:00:01]} 16. Bxe4 {[%emt 0:00:01]} dxe4 {[%emt 0:00:02]} 17. Qxe4 {[%emt 0:00:01]} Bd7 {[%emt 0:00:03]} 18. Ng5 {[%emt 0:00:01]} g6 {[%emt 0:00:03]} 19. f4 {[%emt 0:00:02]} Qf6 {[%emt 0:00:02]} 20. h5 {[%emt 0:00:01]} Rae8 {[%emt 0:00:06]} 21. Qd3 {[%emt 0:00:01]} c5 {[%emt 0:00:03]} 22. hxg6 {[%emt 0:00:01]} hxg6 {[%emt 0:00:02]} 23. Rh6 {[%emt 0:00:05]} Qf5 {[%emt 0:00:03]} 24. Ne4 {[%emt 0:00:05]} cxb4 {[%emt 0:00:03]} 25. Rdh1 {[%emt 0:00:01]} Bxf4 {[%emt 0:00:02]} 26. Rh8+ {[%emt 0:00:01]} Kg7 {[%emt 0:00:02]} 27. R1h7# {[%emt 0:00:01] (Lag: Av=0.29s, max=0.6s)} 1-0

[Event "Stay Safe Play From Home 206"]
[Site "T#646635Emanuel Laske"]
[Date "2020.06.07"]
[Round "7"]
[White "Möwe"]
[Black "Epicure62"]
[Result "1-0"]
[WhiteElo "1490"]
[BlackElo "1436"]
[Annotator "NA RC"]
[PlyCount "21"]
[EventDate "2020.06.07"]
[EventType "swiss (blitz)"]

1. e4 {[%emt 0:00:03]} d6 {[%emt 0:00:01]} 2. Nf3 {[%emt 0:00:00]} g6 {[%emt 0:00:01]} 3. d4 {[%emt 0:00:00]} Bg7 {[%emt 0:00:01]} 4. e5 {[%emt 0:00:00]} dxe5 {[%emt 0:00:04]} 5. Nxe5 {[%emt 0:00:00]} Bxe5 {[%emt 0:00:02]} 6. dxe5 {[%emt 0:00:01]} Qxd1+ {[%emt 0:00:01]} 7. Kxd1 {[%emt 0:00:00]} e6 {[%emt 0:00:02]} 8. Nc3 {[%emt 0:00:01]} Ne7 {[%emt 0:00:01]} 9. Ne4 {[%emt 0:00:02]} Nbc6 {[%emt 0:00:01]} 10. Nf6+ {[%emt 0:00:01]} Kf8 {[%emt 0:00:07]} 11. Bh6# {[%emt 0:00:04] (Lag: Av=0.31s, max=0.4s)} 1-0

[Event "Stay Safe Play From Home 206"]
[Site "T#646635Emanuel Laske"]
[Date "2020.06.07"]
[Round "8"]
[White "Mepe_Nika"]
[Black "Tumnik_ad"]
[Result "1-0"]
[WhiteElo "2328"]
[BlackElo "1997"]
[Annotator "TA"]
[PlyCount "73"]
[EventDate "2020.06.07"]
[EventType "swiss (blitz)"]

{[%evp 9,72,106,118,118,141,135,227,41,67,36,28,9,41,19,14,3,88,67,112,118,115,105,115,112,127,123,191,124,132,131,144,120,143,140,164,171,172,125,170,146,166,142,304,314,363,225,262,249,384,291,1564,1581,1729,1577,29978,29979,29994,29994,29995,699,1221,568,29998,29999,29999]} 1. d4 g6 2. Bf4 Bg7 3. e3 {[#]} e5 $146 ({Predecessor:} 3... d6 4. h3 Nd7 5. Nf3 e5 6. Bh2 Ne7 7. Be2 O-O 8. c4 c6 9. Nc3 Re8 10. O-O Nf5 11. d5 c5 12. Qc2 h5 13. a3 Nf6 14. b4 b6 15. bxc5 bxc5 {½-½ (81) Wang,Y (2690)-Andriasian,Z (2586) chess.com INT 2018}) 4. Bxe5 Bxe5 5. dxe5 Qe7 6. Nc3 {A40: Unusual replies to 1 d4.} Qxe5 7. Nf3 Qe7 (7... Qc5 $16) 8. Bc4 $2 ({Better is} 8. Qd4 $18 f6 9. Bc4) 8... Nf6 $14 9. O-O d6 10. Ng5 Be6 (10... O-O {is interesting.} 11. Re1 Nc6 12. e4 h6 13. Nf3 Ne5) 11. Nxe6 fxe6 12. Qf3 $36 {[%mdl 2048] White has some pressure.} Nc6 (12... d5 $11 {keeps the balance.}) 13. Bb5 $16 O-O 14. Bxc6 bxc6 15. Qxc6 Rab8 16. b3 Ng4 {and if ...Qh4 works, Black does fine.} 17. h3 Rb6 {[#]} (17... Ne5 $16 18. Qe4 Rf5) 18. Qe4 ({White should play} 18. Nd5 $1 $18 {[%cal Rd5e7][%mdl 512]} exd5 19. Qxd5+ Rf7 20. hxg4) 18... Nf6 19. Qd3 Nh5 20. a3 Qf6 21. Rad1 Ng7 22. Ne4 Qf5 23. Ng3 Qf7 24. Rd2 Qe7 25. Qe4 d5 $2 {[#] Black cannot hold the game after this.} (25... a6 $16 26. Qd3 c5) 26. Rxd5 $1 $18 {[%mdl 576] Pin} Qxa3 (26... exd5 27. Qxe7) 27. Rd2 Qe7 28. Rfd1 Rb4 (28... Rd6 $142 29. Qb7 Rxd2 30. Rxd2 Qc5) 29. Rd7 Qf6 $2 (29... Qxd7 30. Rxd7 Rxe4) 30. Qxb4 Qxf2+ 31. Kh2 Nh5 32. Nxh5 Qf5 33. Rg7+ Kh8 34. Qxf8+ (34. Qe7 $142 Qe5+ {[#]} 35. Kh1 $1 {[%mdl 512]} Rf1+ 36. Rxf1 Qh2+ 37. Kxh2 gxh5 38. Rf8#) 34... Qxf8 35. Rdd7 Qf2 36. Rd8+ Qf8 37. Rxf8# {Accuracy: White = 56%, Black = 30%.} 1-0

[Event "Stay Safe Play From Home 206"]
[Site "T#646635Emanuel Laske"]
[Date "2020.06.07"]
[Round "8"]
[White "Little champs"]
[Black "Sfantul321"]
[Result "1-0"]
[WhiteElo "2242"]
[BlackElo "1994"]
[Annotator "NA"]
[PlyCount "87"]
[EventDate "2020.06.07"]
[EventType "swiss (blitz)"]

1. d4 {[%emt 0:00:01]} g6 {[%emt 0:00:00]} 2. e3 {[%emt 0:00:00]} Bg7 {[%emt 0:00:00]} 3. Nf3 {[%emt 0:00:00]} d6 {[%emt 0:00:00]} 4. Be2 {[%emt 0:00:00]} Nf6 {[%emt 0:00:00]} 5. O-O {[%emt 0:00:00]} O-O {[%emt 0:00:00]} 6. c4 {[%emt 0:00:00]} c6 {[%emt 0:00:01]} 7. Nc3 {[%emt 0:00:00]} Bg4 {[%emt 0:00:01]} 8. h3 {[%emt 0:00:01]} Bxf3 {[%emt 0:00:00]} 9. Bxf3 {[%emt 0:00:00]} Nbd7 {[%emt 0:00:00]} 10. b3 {[%emt 0:00:00]} e5 {[%emt 0:00:00]} 11. Bb2 {[%emt 0:00:01]} exd4 {[%emt 0:00:01]} 12. exd4 {[%emt 0:00:01]} c5 {[%emt 0:00:01]} 13. d5 {[%emt 0:00:02]} Ne5 {[%emt 0:00:01]} 14. Be2 {[%emt 0:00:01]} Re8 {[%emt 0:00:01]} 15. Nb5 {[%emt 0:00:01]} a6 {[%emt 0:00:01]} 16. Nc3 {[%emt 0:00:01]} Rb8 {[%emt 0:00:02]} 17. Re1 {[%emt 0:00:01]} Ned7 {[%emt 0:00:03]} 18. Bf3 {[%emt 0:00:02]} Ne5 {[%emt 0:00:01]} 19. Be2 {[%emt 0:00:01]} Qc7 {[%emt 0:00:01]} 20. Qd2 {[%emt 0:00:01]} Ned7 {[%emt 0:00:01]} 21. a3 {[%emt 0:00:02]} b6 {[%emt 0:00:01]} 22. b4 {[%emt 0:00:01]} cxb4 {[%emt 0:00:02]} 23. axb4 {[%emt 0:00:01]} h6 {[%emt 0:00:03]} 24. Rxa6 {[%emt 0:00:01]} Ra8 {[%emt 0:00:01]} 25. Rea1 {[%emt 0:00:02]} Rxa6 {[%emt 0:00:01]} 26. Rxa6 {[%emt 0:00:01]} Ne5 {[%emt 0:00:00]} 27. Nb5 {[%emt 0:00:02]} Qc8 {[%emt 0:00:04]} 28. Rxb6 {[%emt 0:00:03]} Nxc4 {[%emt 0:00:02]} 29. Bxc4 {[%emt 0:00:01]} Qxc4 {[%emt 0:00:01]} 30. Nxd6 {[%emt 0:00:01]} Qc7 {[%emt 0:00:03]} 31. Rc6 {[%emt 0:00:01]} Qd7 {[%emt 0:00:01]} 32. Nxe8 {[%emt 0:00:00]} Nxe8 {[%emt 0:00:01]} 33. Bxg7 {[%emt 0:00:01]} Nxg7 {[%emt 0:00:01]} 34. b5 {[%emt 0:00:00]} Nf5 {[%emt 0:00:01]} 35. b6 {[%emt 0:00:01]} Nd6 {[%emt 0:00:00]} 36. Qb4 {[%emt 0:00:01]} Nb7 {[%emt 0:00:02]} 37. Rc7 {[%emt 0:00:01]} Qxd5 {[%emt 0:00:01]} 38. Rc8+ {[%emt 0:00:01]} Kg7 {[%emt 0:00:02]} 39. Qf8+ {[%emt 0:00:01]} Kf6 {[%emt 0:00:01]} 40. Rc7 {[%emt 0:00:10]} Qd1+ {[%emt 0:00:02]} 41. Kh2 {[%emt 0:00:01]} Qd5 {[%emt 0:00:01]} 42. Qe7+ {[%emt 0:00:01]} Kg7 {[%emt 0:00:02]} 43. Rxb7 {[%emt 0:00:01]} Qd6+ {[%emt 0:00:01]} 44. Qxd6 {[%emt 0:00:01] Sfantul321 resigns (Lag: Av=0.47s, max=1.7s)} 1-0